zpět

Detail výsledku týmu

Hostinec A. Basaře, Horoušany

Datum a čas kvízu

34.5 Celkem bodů Celkový počet nahraných bodů na tomto kvízu bez doplňovacích otázek.
1. Pořadí na kvízu Konečné umístění týmu na tomto kvízu.

Zaznamenané odpovědi

# Otázka Odpověď Body Výsledky
1. Příbramští policisté pátrají p... závodní formule 1
2. Česká komisařka Věra Jourová s... hodnoty a transparentnost 0
3. Kanadská spisovatelka Margaret... Příběh služebnice 0
4. Provozovatel hongkongské akcio... Londýn 1
5. Poražený finalista mužské dvou... Daniil Sergejevič Medveděv 1
6. Když už jsme tu měli minulý tý... serotonin 0
7. Syn boha války Area a bohyně l... Erós 0
8. Příponu -filie mají různá slov... Viktorie 0
9. Láska je samozřejmě nevyčerpat... 1B 2D 3A 4C 0
10. Jak se jmenuje tato filmová po... William Shakespeare 1